000 00871nam a2200253Ia 4500
005 20220719152258.0
008 210716s2003 xx 000 0 und d
020 _a8120312538
040 _cAIMIT LIBRARY
041 _aeng
082 _a006.32
_21
_bYEGB
100 _aYegnanarayana, B.
_951343
245 _aArtificial neural networks /
_cBy B. Yegnanarayana
250 _a1st ed.
_bEastern Economy Edition
260 _aNew Delhi :
_bPHI Learning Pvt Ltd. ,
_c2003.
300 _axiii, 461p. ;
_bPB :
_c23.5 cm.
650 _aNeural Networks
_951344
650 _aBasics of Artificial Neural Networks
_951345
650 _aActivation and Synaptic Dynamics
_951346
650 _aFeedforward Neural Networks
_951347
650 _aFeedback Neural Networks
_951348
650 _aCompetitive Learning Neural Networks
_951349
942 _2ddc
_cBK
_e1st ed.
_k006.32 YEGB
999 _c184062
_d184062